01390nam a2200337Ia 4500001001200000003000800012005001700020006001900037007001500056008004100071020001500112020001800127040002100145035002100166050002200187082001400209090001900223245011800242260005400360300002300414490006800437533015200505650004900657650003400706655003400740700002900774710002200803830007700825856013100902999001901033ebr10146739CaPaEBR20251022014514.0m u cr cn|||||||||060113s2006 ne a s 100 0 eng d z1586035606 z9781586036638 aCaPaEBRcCaPaEBR a(OCoLC)64760376314aQ334b.C37 2006eb04a006.3222 c152645d12389700aArtificial intelligence research and developmenth[electronic resource] /cedited by Beatriz L?opez ... [et al.]. aAmsterdam ;aWashington, DC :bIOS Press,cc2006. axi, 318 p. :bill.1 aFrontiers in artificial intelligence and applications ;vv. 146 aElectronic reproduction.bPalo Alto, Calif. :cebrary,d2009.nAvailable via World Wide Web.nAccess may be limited to ebrary affiliated libraries. 0aArtificial intelligencevCongresses.9139785 0aInformation technology.94085 7aElectronic books.2local91901 aL?opez, Beatriz.91992832 aebrary, Inc.9191 0aFrontiers in artificial intelligence and applications ;vv. 146.913984540uhttp://site.ebrary.com/lib/strathmore/Doc?id=10146739zAn electronic book accessible through the World Wide Web; click to view c152645d123897